000 01013pam a2200289 a 4500
999 _c18945
_d18945
001 989363
003 OSt
005 20210216145706.0
008 860808s1987 nyua b 001 0 eng
010 _a 86021665
020 _a0029487404 :
_c$39.95 (est.)
040 _aMMU
_cMMU
_dMMU
_beng
050 0 0 _aSD 387.M33
_bB86 1987
082 0 0 _a634.9/28
_219
100 1 _aBuongiorno, Joseph.
245 1 0 _aForest management and economics :
_ba primer in quantitative methods /
_cJoseph Buongiorno, J. Keith Gilless.
260 _aNew York :
_bMacmillan ;
_aLondon :
_bCollier Macmillan,
_cc1987.
300 _axv, 285 p. :
_bill. ;
_c25 cm.
440 0 _aBiological resource management
504 _aIncludes bibliographies and index.
650 0 _aForest management
_xMathematical models.
650 0 _aForest management
_xLinear programming.
650 0 _aForest management
_xData processing.
700 1 _aGilless, J. Keith.
906 _a7
_bcbc
_corignew
_d1
_eocip
_f19
_gy-gencatlg
942 _2lcc
_cLOAN LOAN